000 00592cam a22002052 4500
001 0000020225
005 20151217152209.0
008 110902s xx 000 0 eng d
020 _a0080450094 :
040 _aKABU
_cKABU
100 1 _aKanski, Jack J.
_@0000180295
245 1 0 _aClinical ophthalmology :
_ba systematic approach /
_cJack J. Kanski.
250 _a6th ed.
260 _aLondon :
_bElsevier,
_c2007.
300 _aix, 931 p.
650 0 _aOphthalmology.
_@0000180296
852 1 _9p24150 KES
908 _a110902
950 _@1
999 _c9219
_d9219